[Event "Budapest Spring op"]
[Site "Budapest"]
[Date "2017.03.25"]
[Round "8"]
[White "Bellia, Fabrizio"]
[Black "Orosz, Andras"]
[Result "1-0"]
[WhiteElo "2439"]
[BlackElo "2325"]
[PlyCount "71"]
[EventDate "2017.03.18"]
[EventType "swiss"]
[EventRounds "9"]
[EventCountry "HUN"]
[SourceTitle "CBM 177 Extra"]
[Source "ChessBase"]
[SourceDate "2017.04.27"]
[SourceVersion "1"]
[SourceVersionDate "2017.04.27"]
[SourceQuality "1"]

1. e4 e6 2. d4 d5 3. Nd2 Be7 4. Bd3 c5 5. dxc5 Nf6 6. Qe2 0-0 7. Ngf3 a5 8. 0-0 Na6 9. e5 Nd7 10. c4 Naxc5 11. Bc2 b6 12. Nd4 Bb7 13. cxd5 Bxd5 14. Nb1 Bb7 15. Rd1 Qc7 16. Bf4 Ba6 17. Qe3 Rfd8 18. Nc3 Nf8 19. Rac1 Rac8 20. a3 Bb7 21. Ncb5 Qb8 22. Nd6 Bxd6 23. exd6 Ncd7 24. Nb5 Rc5 25. Nc7 Rc8 26. b4 axb4 27. axb4 Rc6 28. h4 Qa7 29. Ra1 Qxa1 30. Bxh7+ Nxh7 31. Rxa1 Rc4 32. Ra7 e5 33. Bg3 Be4 34. f3 Bf5 35. Bxe5 Rxb4 36. Nd5 1-0

[Event "PRO League Eastern"]
[Site "Chess.com INT"]
[Date "2017.01.18"]
[Round "2"]
[White "Colovic, Aleksandar"]
[Black "Orosz, Andras"]
[Result "0-1"]
[WhiteElo "2443"]
[BlackElo "2323"]
[PlyCount "90"]
[EventDate "2017.01.11"]
[EventType "team-swiss (rapid)"]
[EventRounds "7"]
[EventCountry "USA"]
[SourceTitle "CBM 176 Extra"]
[Source "ChessBase"]
[SourceDate "2017.03.02"]
[SourceVersion "1"]
[SourceVersionDate "2017.03.02"]
[SourceQuality "1"]
[WhiteTeam "Belgrade Sparrows"]
[BlackTeam "Budapest Gambit"]
[WhiteTeamCountry "SRB"]
[BlackTeamCountry "HUN"]

1. e4 e6 2. d4 d5 3. e5 c5 4. c3 Nc6 5. Nf3 Bd7 6. Bd3 Rc8 7. dxc5 Bxc5 8. 0-0 Nge7 9. b4 Bb6 10. Na3 Ng6 11. Bg5 f6 12. exf6 gxf6 13. Bh6 Kf7 14. Nb5 Qe7 15. Re1 a6 16. Nbd4 Bxd4 17. Nxd4 Qd6 18. a4 Nce5 19. Re3 Rxc3 20. Bxg6+ hxg6 21. Rxc3 Rxh6 22. Nf3 Nxf3+ 23. Rxf3 Qxh2+ 24. Kf1 Qh1+ 25. Ke2 Qxd1+ 26. Rxd1 Bxa4 27. Rc1 Bc6 28. Rh3 Rxh3 29. gxh3 e5 30. h4 Ke6 31. Rg1 Kf5 32. f3 d4 33. Kf2 Bb5 34. Rc1 Bc6 35. Rg1 Be8 36. Rc1 Kf4 37. Rg1 f5 38. Ke2 Bb5+ 39. Kf2 e4 40. fxe4 fxe4 41. Rxg6 e3+ 42. Ke1 d3 43. Rd6 d2+ 44. Kd1 Kg4 45. Rd4+ Kf3 0-1

[Event "PRO League Eastern"]
[Site "Chess.com INT"]
[Date "2017.01.18"]
[Round "2"]
[White "Orosz, Andras"]
[Black "Simonovic, Miroslav"]
[Result "0-1"]
[WhiteElo "2323"]
[BlackElo "2219"]
[PlyCount "110"]
[EventDate "2017.01.11"]
[EventType "team-swiss (rapid)"]
[EventRounds "7"]
[EventCountry "USA"]
[SourceTitle "CBM 176 Extra"]
[Source "ChessBase"]
[SourceDate "2017.03.02"]
[SourceVersion "1"]
[SourceVersionDate "2017.03.02"]
[SourceQuality "1"]
[WhiteTeam "Budapest Gambit"]
[BlackTeam "Belgrade Sparrows"]
[WhiteTeamCountry "HUN"]
[BlackTeamCountry "SRB"]

1. d4 Nf6 2. c4 c5 3. e3 cxd4 4. exd4 g6 5. Nc3 Bg7 6. Nf3 0-0 7. d5 d6 8. Bd3 e5 9. 0-0 b6 10. Rb1 h6 11. b4 Nbd7 12. Nd2 Ne8 13. Bb2 f5 14. f3 Qg5 15. Qe2 Ba6 16. Nb3 Rc8 17. a4 Nc7 18. Nb5 Nxb5 19. axb5 Bb7 20. Ra1 Ra8 21. f4 Qf6 22. Ra3 a6 23. bxa6 Rxa6 24. Rxa6 Bxa6 25. fxe5 Nxe5 26. Bd4 Rb8 27. b5 Bc8 28. Ra1 f4 29. Ra7 f3 30. Qe3 Bf5 31. Bf1 Rf8 32. Bxe5 Qxe5 33. Qxe5 Bxe5 34. gxf3 Bc2 35. Nd2 Bd4+ 36. Kg2 Rf5 37. Ne4 Bxe4 38. fxe4 Rf2+ 39. Kg3 Rxf1 40. Rd7 Bc5 41. Re7 Rf7 42. Re6 Kg7 43. Kg2 h5 44. e5 dxe5 45. Rxe5 Rd7 46. Re6 Kh6 47. Kf3 Kg5 48. Re5+ Kf6 49. Re6+ Kf5 50. Rc6 Rd6 51. Rc8 Kg5 52. Kg3 Rf6 53. h4+ Kf5 54. Rc7 Bd6+ 55. Kg2 Bxc7 0-1

[Event "Gyor op-A 7th"]
[Site "Gyor"]
[Date "2016.07.08"]
[Round "5"]
[White "Margl, Roland"]
[Black "Orosz, Andras"]
[Result "1-0"]
[WhiteElo "2096"]
[BlackElo "2386"]
[PlyCount "127"]
[EventDate "2016.07.06"]
[EventType "swiss"]
[EventRounds "9"]
[EventCountry "HUN"]
[SourceTitle "EXT 2017"]
[Source "ChessBase"]
[SourceDate "2016.10.25"]
[SourceVersion "1"]
[SourceVersionDate "2016.10.25"]
[SourceQuality "1"]

1. Nf3 Nf6 2. g3 b5 3. e3 a6 4. Bg2 Bb7 5. 0-0 e6 6. b3 Be7 7. Bb2 0-0 8. c4 c5 9. Qe2 bxc4 10. bxc4 d6 11. d3 Nbd7 12. Nc3 Rb8 13. Rab1 Qa5 14. Ba1 h6 15. Rb3 Bxf3 16. Bxf3 Rxb3 17. axb3 Rb8 18. Rb1 Ne5 19. Bg2 Qa3 20. Qc2 Bf8 21. d4 Ned7 22. Qa2 Qxa2 23. Nxa2 Be7 24. Kf1 a5 25. Nc3 Kf8 26. Ke2 Bd8 27. h3 Ke7 28. Kd3 Bb6 29. Na4 Bc7 30. Bc3 Bd8 31. Kc2 Rc8 32. Kb2 Rb8 33. Ra1 d5 34. Kc2 dxc4 35. bxc4 cxd4 36. exd4 Rc8 37. Nb2 Nb6 38. c5 Nbd7 39. Nc4 Bc7 40. Bxa5 e5 41. Kd3 exd4 42. Bb4 Kd8 43. Kxd4 Nf8 44. Rd1 Rb8 45. Kc3+ Ke8 46. Bc6+ Ke7 47. Bf3 Ne6 48. c6+ Ke8 49. Nd6+ Bxd6 50. Bxd6 Rc8 51. Kb4 Nd8 52. c7 Ne6 53. Bc6+ Nd7 54. Bb7 Rxc7 55. Bxc7 Nxc7 56. Bc6 Na6+ 57. Kc4 Nab8 58. Re1+ Kd8 59. Bb5 Nf6 60. Kc5 Nbd7+ 61. Kd6 Nf8 62. Re7 Ng6 63. Rxf7 Ne4+ 64. Kd5 1-0

[Event "Gyor op-A 7th"]
[Site "Gyor"]
[Date "2016.07.08"]
[Round "4"]
[White "Orosz, Andras"]
[Black "Vertetics, Attila"]
[Result "1/2-1/2"]
[WhiteElo "2386"]
[BlackElo "2421"]
[PlyCount "26"]
[EventDate "2016.07.06"]
[EventType "swiss"]
[EventRounds "9"]
[EventCountry "HUN"]
[SourceTitle "EXT 2017"]
[Source "ChessBase"]
[SourceDate "2016.10.25"]
[SourceVersion "1"]
[SourceVersionDate "2016.10.25"]
[SourceQuality "1"]

1. d4 Nf6 2. c4 e6 3. g3 Bb4+ 4. Bd2 Be7 5. Bg2 d5 6. Nf3 c6 7. Qc2 Nbd7 8. 0-0 0-0 9. Rd1 b6 10. Bf4 Nh5 11. Bc1 Nhf6 12. Bf4 Nh5 13. Bc1 Nhf6 1/2-1/2

[Event "Gyor op-A 7th"]
[Site "Gyor"]
[Date "2016.07.07"]
[Round "2"]
[White "Orosz, Andras"]
[Black "Suta, Andraz"]
[Result "1-0"]
[WhiteElo "2386"]
[BlackElo "2075"]
[PlyCount "117"]
[EventDate "2016.07.06"]
[EventType "swiss"]
[EventRounds "9"]
[EventCountry "HUN"]
[SourceTitle "EXT 2017"]
[Source "ChessBase"]
[SourceDate "2016.10.25"]
[SourceVersion "1"]
[SourceVersionDate "2016.10.25"]
[SourceQuality "1"]

1. Nf3 Nf6 2. d4 e6 3. Bg5 h6 4. Bh4 c5 5. e3 d5 6. c3 Be7 7. Nbd2 0-0 8. Bd3 Nc6 9. 0-0 Nd7 10. Bg3 Re8 11. Ne5 Ndxe5 12. dxe5 Bf8 13. e4 d4 14. Bb5 Bd7 15. Qe2 a6 16. Bd3 b5 17. c4 Nb4 18. b3 bxc4 19. Nxc4 Bb5 20. f4 Nxd3 21. Qxd3 a5 22. h3 a4 23. Kh2 axb3 24. axb3 Bxc4 25. Qxc4 Qb6 26. f5 Rxa1 27. Rxa1 Rb8 28. fxe6 Qxe6 29. Qd5 Rxb3 30. Ra8 Qxd5 31. exd5 d3 32. e6 fxe6 33. dxe6 Rb7 34. Bd6 d2 35. Rxf8+ Kh7 36. Rf1 Rb6 37. e7 Rxd6 38. e8Q d1Q 39. Qe4+ Kg8 40. Rxd1 Rxd1 41. Qc4+ Kh8 42. Qxc5 Rf1 43. g4 Rf6 44. Kg3 g5 45. h4 gxh4+ 46. Kxh4 Kg7 47. g5 hxg5+ 48. Kxg5 Rg6+ 49. Kf5 Rf6+ 50. Ke5 Rf7 51. Qg1+ Kh7 52. Ke6 Rg7 53. Qh2+ Kg6 54. Qh3 Rg8 55. Qg4+ Kh7 56. Qh5+ Kg7 57. Ke7 Rh8 58. Qg5+ Kh7 59. Kf7 1-0

[Event "Kecskemet Caissa IM 05"]
[Site "Kecskemet"]
[Date "2016.06.20"]
[Round "3"]
[White "Orosz, Andras"]
[Black "Lee, Qing Aun"]
[Result "1/2-1/2"]
[WhiteElo "2356"]
[BlackElo "2272"]
[PlyCount "35"]
[EventDate "2016.06.17"]
[EventType "tourn"]
[EventRounds "10"]
[EventCountry "HUN"]
[EventCategory "5"]
[SourceTitle "EXT 2017"]
[Source "ChessBase"]
[SourceDate "2016.10.25"]
[SourceVersion "1"]
[SourceVersionDate "2016.10.25"]
[SourceQuality "1"]

1. d4 d5 2. c4 e6 3. Nf3 Nf6 4. g3 Be7 5. Bg2 0-0 6. 0-0 dxc4 7. Qc2 a6 8. a4 Nc6 9. Qxc4 Na5 10. Qc2 Nc6 11. Rd1 Nb4 12. Qb3 Qd5 13. Nbd2 Qxb3 14. Nxb3 Nc2 15. Rb1 Bd7 16. Na1 Nb4 17. b3 Bc6 18. Ba3 1/2-1/2

[Event "Kecskemet Caissa IM 05"]
[Site "Kecskemet"]
[Date "2016.06.17"]
[Round "1"]
[White "Nadj Hedjesi, Balind"]
[Black "Orosz, Andras"]
[Result "1/2-1/2"]
[WhiteElo "2343"]
[BlackElo "2356"]
[PlyCount "41"]
[EventDate "2016.06.17"]
[EventType "tourn"]
[EventRounds "10"]
[EventCountry "HUN"]
[EventCategory "5"]
[SourceTitle "EXT 2017"]
[Source "ChessBase"]
[SourceDate "2016.10.25"]
[SourceVersion "1"]
[SourceVersionDate "2016.10.25"]
[SourceQuality "1"]

1. e4 e6 2. d4 d5 3. exd5 exd5 4. Bd3 c5 5. dxc5 Bxc5 6. Nf3 Nf6 7. 0-0 0-0 8. h3 Qd6 9. Nbd2 Nc6 10. Nb3 Bb6 11. c3 Bxh3 12. gxh3 Qg3+ 13. Kh1 Qxh3+ 14. Nh2 Ne5 15. Be2 Nf3 16. Bf4 Nh4 17. Bf3 Nh5 18. Be5 Rae8 19. Rg1 Bxf2 20. Qf1 Qxf1 21. Rgxf1 1/2-1/2

[Event "Kecskemet Caissa GM 02"]
[Site "Kecskemet"]
[Date "2016.02.29"]
[Round "11"]
[White "Orosz, Andras"]
[Black "Kozak, Adam"]
[Result "1-0"]
[WhiteElo "2271"]
[BlackElo "2350"]
[PlyCount "91"]
[EventDate "2016.02.19"]
[EventType "tourn"]
[EventRounds "11"]
[EventCountry "HUN"]
[EventCategory "6"]
[SourceTitle "CBM 171 Extra"]
[Source "ChessBase"]
[SourceDate "2016.04.26"]
[SourceVersion "1"]
[SourceVersionDate "2016.04.26"]
[SourceQuality "1"]

1. d4 d5 2. c4 c6 3. cxd5 cxd5 4. Bf4 Nf6 5. Nc3 Nc6 6. e3 Bf5 7. Rc1 e6 8. Qb3 Bb4 9. a3 Bxc3+ 10. Rxc3 Qe7 11. Bb5 0-0 12. Bxc6 bxc6 13. Rxc6 Rfc8 14. Rxc8+ Rxc8 15. Ne2 Rc2 16. f3 Rc6 17. 0-0 Rb6 18. Qc3 Qb7 19. Rc1 h6 20. Qc8+ Qxc8 21. Rxc8+ Kh7 22. Rb8 Nd7 23. Rxb6 Nxb6 24. b3 Bc2 25. Nc1 f6 26. a4 a6 27. Kf2 Nd7 28. Bd6 e5 29. Ke2 Kg6 30. Kd2 Bf5 31. Na2 exd4 32. exd4 Nb6 33. a5 Nc8 34. Bc5 Bd7 35. Nb4 Bb5 36. Nxd5 Kf7 37. Nc7 Bf1 38. g3 Ne7 39. Bxe7 Kxe7 40. Nd5+ Kd6 41. Nc3 f5 42. Ke3 g5 43. b4 Kd7 44. d5 Kc7 45. Kd4 Kd6 46. Nd1 1-0

[Event "Kecskemet Caissa GM 02"]
[Site "Kecskemet"]
[Date "2016.02.28"]
[Round "10"]
[White "Nadj Hedjesi, Balind"]
[Black "Orosz, Andras"]
[Result "1/2-1/2"]
[WhiteElo "2369"]
[BlackElo "2271"]
[PlyCount "29"]
[EventDate "2016.02.19"]
[EventType "tourn"]
[EventRounds "11"]
[EventCountry "HUN"]
[EventCategory "6"]
[SourceTitle "CBM 171 Extra"]
[Source "ChessBase"]
[SourceDate "2016.04.26"]
[SourceVersion "1"]
[SourceVersionDate "2016.04.26"]
[SourceQuality "1"]

1. e4 e6 2. d4 d5 3. Nd2 c5 4. exd5 exd5 5. Ngf3 Nf6 6. Bb5+ Bd7 7. Qe2+ Be7 8. 0-0 0-0 9. dxc5 Bxc5 10. Bxd7 Qxd7 11. Nb3 Bb6 12. c3 Nc6 13. Bf4 Rfe8 14. Qd3 Rad8 15. Rad1 1/2-1/2

[Event "Kecskemet Caissa GM 01"]
[Site "Kecskemet"]
[Date "2016.01.31"]
[Round "9"]
[White "Orosz, Andras"]
[Black "Mihok, Oliver"]
[Result "1/2-1/2"]
[WhiteElo "2271"]
[BlackElo "2506"]
[PlyCount "119"]
[EventDate "2016.01.22"]
[EventType "tourn"]
[EventRounds "9"]
[EventCountry "HUN"]
[EventCategory "6"]
[SourceTitle "CBM 170 Extra"]
[Source "ChessBase"]
[SourceDate "2016.02.25"]
[SourceVersion "1"]
[SourceVersionDate "2016.02.25"]
[SourceQuality "1"]

1. d4 g6 2. c4 Bg7 3. e3 c5 4. Nf3 Nf6 5. Nc3 0-0 6. Be2 cxd4 7. exd4 d5 8. 0-0 Nc6 9. h3 dxc4 10. Bxc4 Na5 11. Bd3 b6 12. Be3 Bb7 13. Rc1 Rc8 14. Qe2 Nc6 15. Ba6 Bxa6 16. Qxa6 Nb4 17. Qb5 Nbd5 18. Nxd5 Qxd5 19. Qa6 Qa8 20. Rxc8 Rxc8 21. Rc1 Rxc1+ 22. Bxc1 Nd5 23. Bd2 e6 24. a4 Qb8 25. b3 h5 26. Kf1 Ne7 27. Qc4 Qb7 28. Bf4 Qd7 29. Qc7 Qxc7 30. Bxc7 Nc6 31. Be5 f6 32. Bd6 a6 33. Ke2 Kf7 34. Kd3 Ke8 35. Bc7 Nb4+ 36. Kc4 Nd5 37. Bh2 Bf8 38. g4 hxg4 39. hxg4 g5 40. Nd2 Kd7 41. Ne4 Kc6 42. Nc3 b5+ 43. axb5+ axb5+ 44. Kd3 Nb6 45. Ne4 Nd5 46. Nc3 Nxc3 47. Kxc3 Kd5 48. Kd3 f5 49. f3 f4 50. Bg1 Bb4 51. Bf2 Ba5 52. Ke2 Bb6 53. Kd3 e5 54. Bg1 Bxd4 55. Bxd4 exd4 56. b4 Ke5 57. Ke2 Ke6 58. Kd2 Kd6 59. Ke2 Kd5 60. Kd3 1/2-1/2

[Event "Kecskemet Caissa GM 01"]
[Site "Kecskemet"]
[Date "2016.01.30"]
[Round "8"]
[White "Nguyen, Thai Dai Van"]
[Black "Orosz, Andras"]
[Result "0-1"]
[WhiteElo "2410"]
[BlackElo "2271"]
[PlyCount "154"]
[EventDate "2016.01.22"]
[EventType "tourn"]
[EventRounds "9"]
[EventCountry "HUN"]
[EventCategory "6"]
[SourceTitle "CBM 170 Extra"]
[Source "ChessBase"]
[SourceDate "2016.02.25"]
[SourceVersion "1"]
[SourceVersionDate "2016.02.25"]
[SourceQuality "1"]

1. e4 e6 2. d4 d5 3. Nc3 Bb4 4. e5 c5 5. a3 Bxc3+ 6. bxc3 Ne7 7. Nf3 b6 8. Bb5+ Bd7 9. Bd3 c4 10. Be2 Ba4 11. h4 h6 12. h5 Kd7 13. 0-0 Qg8 14. Nh2 Qh7 15. Ra2 Kc7 16. Ng4 Nd7 17. Bf4 Kb7 18. Bf3 a5 19. Qd2 Ka7 20. Rb2 Rhg8 21. Re1 Raf8 22. Ne3 Ka6 23. Qe2 Rc8 24. Reb1 Rge8 25. Bg4 Ka7 26. Bg3 Rc6 27. Re1 Ka6 28. Bh4 g5 29. Bg3 Rg8 30. Rf1 f5 31. exf6 Nxf6 32. Bf3 Nf5 33. Be5 Nxe3 34. fxe3 Nd7 35. e4 Nxe5 36. dxe5 g4 37. Bxg4 Qxe4 38. Qxe4 dxe4 39. Be2 Rg3 40. Rf6 Rxc3 41. Rxh6 Rxc2 42. Rxc2 Bxc2 43. Rxe6 Rc7 44. Kf2 Bd3 45. Bd1 c3 46. Ke3 c2 47. Bxc2 Rxc2 48. Rg6 Rc3 49. h6 Bb1+ 50. Ke2 e3 51. h7 Bd3+ 52. Kf3 Be4+ 53. Ke2 Rc8 54. Rg7 Rh8 55. e6 Rxh7 56. e7 Rh8 57. Kxe3 Bc6 58. Kd4 Rh1 59. Ke5 Ra1 60. Kd6 Bb5 61. Rg5 Rd1+ 62. Ke6 Bd7+ 63. Kf6 Rd3 64. Kf7 Rxa3 65. Rd5 Bc6 66. Rd6 Bb5 67. Rd5 Re3 68. Rd8 a4 69. g4 Rf3+ 70. Ke6 a3 71. g5 Kb7 72. g6 a2 73. Rd1 Be8 74. g7 Rg3 75. Ra1 Rg6+ 76. Ke5 Rxg7 77. Rxa2 Rxe7+ 0-1

[Event "Kecskemet Caissa GM 01"]
[Site "Kecskemet"]
[Date "2016.01.26"]
[Round "4"]
[White "Fang, Yuxiang"]
[Black "Orosz, Andras"]
[Result "1-0"]
[WhiteElo "2435"]
[BlackElo "2271"]
[PlyCount "105"]
[EventDate "2016.01.22"]
[EventType "tourn"]
[EventRounds "9"]
[EventCountry "HUN"]
[EventCategory "6"]
[SourceTitle "CBM 170 Extra"]
[Source "ChessBase"]
[SourceDate "2016.02.25"]
[SourceVersion "1"]
[SourceVersionDate "2016.02.25"]
[SourceQuality "1"]

1. Nf3 Nf6 2. c4 e6 3. g3 d5 4. Bg2 dxc4 5. Qa4+ Nbd7 6. 0-0 a6 7. Qxc4 b5 8. Qc6 Rb8 9. Qc2 c5 10. d3 Bb7 11. a4 Qb6 12. Nc3 Bd6 13. axb5 axb5 14. Be3 Ng4 15. Bd2 0-0 16. Ne4 Bxe4 17. Ba5 Qc6 18. dxe4 e5 19. Nd4 exd4 20. e5 Qa6 21. Bc7 Qxa1 22. Rxa1 Bxc7 23. Ra7 d3 24. exd3 Bxe5 25. Rxd7 Bd4 26. Rxd4 cxd4 27. Qc5 Rfc8 28. Bc6 Nf6 29. b4 h6 30. Qa7 Rd8 31. Kg2 Rdc8 32. g4 Rd8 33. Kg3 g5 34. h4 gxh4+ 35. Kxh4 Kg7 36. f4 Rbc8 37. Bxb5 Rc1 38. Qb6 Rd5 39. Bc4 Rd7 40. Bb5 Re7 41. Qxd4 Rh1+ 42. Kg3 Ree1 43. Bc6 Rhg1+ 44. Bg2 Kg6 45. b5 Rb1 46. b6 Rgd1 47. b7 Rb3 48. Bf3 Rdxd3 49. Qxd3+ Rxd3 50. b8Q Ne4+ 51. Kg2 Rd2+ 52. Kg1 Nf6 53. Qe5 1-0

[Event "HUN-chT 1516"]
[Site "Hungary"]
[Date "2015.12.06"]
[Round "4.11"]
[White "Peczely, Sebastian Zsombor"]
[Black "Orosz, Andras"]
[Result "1/2-1/2"]
[WhiteElo "2242"]
[BlackElo "2272"]
[PlyCount "84"]
[EventDate "2015.11.07"]
[EventType "team-tourn"]
[EventRounds "11"]
[EventCountry "HUN"]
[SourceTitle "CBM 169 Extra"]
[Source "ChessBase"]
[SourceDate "2015.12.18"]
[SourceVersion "1"]
[SourceVersionDate "2015.12.18"]
[SourceQuality "1"]
[WhiteTeam "Mako"]
[BlackTeam "Budapest Titanok"]
[WhiteTeamCountry "HUN"]
[BlackTeamCountry "HUN"]

1. e4 g6 2. d4 Bg7 3. Nc3 c6 4. Be3 d5 5. Qd2 dxe4 6. Nxe4 Nf6 7. Nxf6+ exf6 8. 0-0-0 Be6 9. Kb1 Nd7 10. Ne2 0-0 11. Nf4 Nb6 12. Nxe6 fxe6 13. h4 Nd5 14. h5 g5 15. h6 Bh8 16. Bd3 Rf7 17. g4 Qd6 18. c4 Nxe3 19. Qxe3 Re7 20. Bc2 Rd8 21. Rhe1 Rde8 22. Qf3 f5 23. gxf5 exf5 24. Rxe7 Qxe7 25. Qxf5 Rf8 26. Qd3 Rf4 27. Rg1 Bxd4 28. Qg3 Kf8 29. Qxg5 Qxg5 30. Rxg5 Rxf2 31. Rf5+ Rxf5 32. Bxf5 Kg8 33. b4 c5 34. b5 b6 35. Be6+ Kh8 36. Kc2 Be3 37. Kd3 Bxh6 38. Ke4 Kg7 39. Kf3 Bg5 40. Kg2 Kf6 41. Bg8 h5 42. Kh1 Ke5 1/2-1/2

[Event "HUN-chT 1516"]
[Site "Hungary"]
[Date "2015.11.29"]
[Round "3.12"]
[White "Vajda, Szidonia"]
[Black "Orosz, Andras"]
[Result "1/2-1/2"]
[WhiteElo "2358"]
[BlackElo "2272"]
[PlyCount "45"]
[EventDate "2015.11.07"]
[EventType "team-tourn"]
[EventRounds "11"]
[EventCountry "HUN"]
[SourceTitle "CBM 169 Extra"]
[Source "ChessBase"]
[SourceDate "2015.12.18"]
[SourceVersion "1"]
[SourceVersionDate "2015.12.18"]
[SourceQuality "1"]
[WhiteTeam "Paks"]
[BlackTeam "Budapest Titanok"]
[WhiteTeamCountry "HUN"]
[BlackTeamCountry "HUN"]

1. e4 g6 2. d4 Bg7 3. Nf3 c6 4. Nc3 d5 5. h3 Nf6 6. Bd3 dxe4 7. Nxe4 Nxe4 8. Bxe4 0-0 9. 0-0 Nd7 10. c3 e5 11. dxe5 Nxe5 12. Nxe5 Qxd1 13. Rxd1 Bxe5 14. Bh6 Bg7 15. Bxg7 Kxg7 16. a4 a5 17. b4 Be6 18. b5 cxb5 19. axb5 Rfb8 20. Rd4 Ra7 21. b6 Ra6 22. Rda4 Rxb6 23. Rxa5 1/2-1/2

[Event "Kecskemet Caissa GM 08"]
[Site "Kecskemet"]
[Date "2015.08.19"]
[Round "5"]
[White "Bagi, Mate"]
[Black "Orosz, Andras"]
[Result "1-0"]
[WhiteElo "2417"]
[BlackElo "2281"]
[PlyCount "95"]
[EventDate "2015.08.15"]
[EventType "tourn"]
[EventRounds "9"]
[EventCountry "HUN"]
[SourceTitle "EXT 2016"]
[Source "ChessBase"]
[SourceDate "2015.10.08"]
[SourceVersion "1"]
[SourceVersionDate "2015.10.08"]
[SourceQuality "1"]

1. Nf3 c5 2. g3 b6 3. Bg2 Bb7 4. c4 Nf6 5. d3 g6 6. e4 Bg7 7. Nc3 d6 8. 0-0 0-0 9. h3 Na6 10. Bg5 Nc7 11. Qc2 a6 12. a4 e5 13. Rab1 a5 14. h4 Ne6 15. Bh3 Bc8 16. Kg2 Nxg5 17. Nxg5 h6 18. Bxc8 Qxc8 19. Nh3 Ra7 20. f3 h5 21. Rh1 Kh7 22. Rbf1 Bh6 23. Qe2 Ne8 24. Nd5 Qd8 25. g4 Nc7 26. Nxc7 Rxc7 27. g5 Bg7 28. f4 Qd7 29. f5 Qxa4 30. f6 Bh8 31. Ra1 Qd7 32. Ra3 Rb8 33. Rha1 Rcb7 34. R1a2 Qe6 35. b3 Kg8 36. Qe3 Kf8 37. Nf2 Ke8 38. Qh3 Qxh3+ 39. Kxh3 Kd7 40. Nd1 Ke6 41. Nc3 Bxf6 42. gxf6 Kxf6 43. Rf2+ Kg7 44. Ra1 Rd8 45. Raf1 Re8 46. Rf3 Rbb8 47. R1f2 Rf8 48. Rf6 1-0

[Event "Kecskemet Caissa IM 05"]
[Site "Kecskemet"]
[Date "2015.05.24"]
[Round "4"]
[White "Nagy, Gabor"]
[Black "Orosz, Andras"]
[Result "1/2-1/2"]
[WhiteElo "2396"]
[BlackElo "2288"]
[PlyCount "46"]
[EventDate "2015.05.22"]
[EventType "tourn"]
[EventRounds "10"]
[EventCountry "HUN"]
[SourceTitle "EXT 2017"]
[Source "ChessBase"]
[SourceDate "2016.10.25"]
[SourceVersion "1"]
[SourceVersionDate "2016.10.25"]
[SourceQuality "1"]

1. d4 Nf6 2. c4 e6 3. Nc3 Bb4 4. e3 0-0 5. Bd3 c5 6. Nf3 d5 7. 0-0 Nc6 8. a3 Ba5 9. cxd5 exd5 10. dxc5 Bxc3 11. bxc3 Bg4 12. c4 Ne5 13. Bb2 Nxf3+ 14. gxf3 Bh3 15. cxd5 Bxf1 16. Bxf6 Qxf6 17. Bxf1 Rfd8 18. e4 Rac8 19. Rc1 Qb2 20. Qe1 Qxa3 21. Qc3 Qxc3 22. Rxc3 Kf8 23. Kg2 Ke7 1/2-1/2

[Event "HUN-chT4a 1415"]
[Site "Hungary"]
[Date "2015.03.08"]
[Round "6.3"]
[White "Orosz, Andras"]
[Black "Rako, Istvan"]
[Result "1-0"]
[WhiteElo "2256"]
[BlackElo "2054"]
[PlyCount "105"]
[EventDate "2014.10.19"]
[EventType "team-tourn"]
[EventRounds "7"]
[EventCountry "HUN"]
[SourceTitle "EXT 2016"]
[Source "ChessBase"]
[SourceDate "2015.10.08"]
[SourceVersion "1"]
[SourceVersionDate "2015.10.08"]
[SourceQuality "1"]

1. d4 Nf6 2. Nf3 d5 3. c4 e6 4. Nc3 Nbd7 5. Bg5 Be7 6. e3 a6 7. cxd5 exd5 8. Bd3 0-0 9. 0-0 Re8 10. Qc2 c6 11. Rab1 h6 12. Bf4 Nf8 13. h3 Be6 14. b4 Bd6 15. Bxd6 Qxd6 16. Na4 N8d7 17. Nc5 Rab8 18. a4 Rec8 19. Rfc1 Qe7 20. Nxb7 Rxb7 21. Bxa6 Nb6 22. Ne5 Nc4 23. Nxc4 dxc4 24. Bxb7 Qxb7 25. e4 Qd7 26. Rd1 Rb8 27. b5 cxb5 28. Rxb5 Rxb5 29. axb5 Qxb5 30. d5 Bd7 31. Rc1 c3 32. Kh2 Qb4 33. f3 Qd6+ 34. Kg1 Qc5+ 35. Qf2 Qb4 36. Qe3 Nh5 37. Qxc3 Qxc3 38. Rxc3 Kf8 39. Kf2 Nf4 40. Rc2 Ke7 41. Ke3 g5 42. Rb2 h5 43. h4 Kf6 44. Rb6+ Ke7 45. g3 Ng6 46. hxg5 h4 47. gxh4 Nxh4 48. Rf6 Ng6 49. f4 Be8 50. Kd4 Nf8 51. e5 Ng6 52. Kc5 Ba4 53. e6 1-0